[Event "XXI Corsicoscacchi Magistrale"]
[Site "Corsico ITA"]
[Date "2000.10.08"]
[Round "6"]
[White "Bertazzo, Giorgio"]
[Black "Pinotti, Claudio"]
[Result "1-0"]
[WhiteElo "2067"]
[BlackElo "1747"]
[PlyCount "79"]
[EventDate "2000.09.30"]

1. e4 e6 2. d4 d5 3. Nc3 Nf6 4. Bg5 Be7 5. e5 Nfd7 6. Bxe7 Qxe7 7. f4 a6 8. Nf3
c5 9. Qd2 Nc6 10. O-O-O b5 11. dxc5 Qxc5 12. Bd3 Nb6 13. Rhf1 Nc4 14. Bxc4 Qxc4
15. Nd4 b4 16. Nxc6 bxc3 17. Qxc3 Qxc3 18. bxc3 Bd7 19. Nd4 Bb5 20. Rfe1 Ke7
21. Kd2 Rhc8 22. Rb1 Rc5 23. Rb3 Kd7 24. Reb1 Bc4 25. Rb7+ Rc7 26. Rxc7+ Kxc7
27. a3 Rd8 28. g3 Ba2 29. Rf1 Bc4 30. Rf3 g6 31. g4 h6 32. Rh3 Rh8 33. f5 exf5
34. gxf5 Bf1 35. Rf3 Bg2 36. Rf2 Be4 37. fxg6 fxg6 38. Rf7+ Kd8 39. Ra7 Rf8 40.
Ne6+ 1-0

[Event "XXI Corsicoscacchi Magistrale"]
[Site "Corsico ITA"]
[Date "2000.10.08"]
[Round "6"]
[White "Everet, Alexandro"]
[Black "Piantoni, Roberto"]
[Result "0-1"]
[WhiteElo "2348"]
[BlackElo "2174"]
[PlyCount "144"]
[EventDate "2000.09.30"]

1. d4 Nf6 2. d5 c6 3. dxc6 Nxc6 4. Nc3 d5 5. Bg5 e6 6. a3 Be7 7. e3 O-O 8. Nf3
Qb6 9. Rb1 Rd8 10. Be2 h6 11. Bf4 Nh5 12. Be5 Nxe5 13. Nxe5 Nf6 14. O-O Qc7 15.
Nf3 a6 16. a4 e5 17. Qc1 Be6 18. Nd1 Rac8 19. c3 d4 20. exd4 exd4 21. Nd2 Qe5
22. Bf3 Ng4 23. g3 Qh5 24. h4 Bxh4 25. Kg2 Bg5 26. Rh1 Qg6 27. Bxg4 Bxg4 28. f4
Bxf4 29. gxf4 Bxd1+ 30. Kf2 dxc3 31. bxc3 Bxa4 32. Rb4 Bc6 33. Rg1 Qd6 34. Nf1
Qc5+ 35. Qe3 Qxe3+ 36. Nxe3 Rd2+ 37. Ke1 Rd3 38. Ke2 Rxc3 39. Nf5 Re8+ 40. Kd2
Rf3 41. Nxg7 Rd8+ 42. Kc2 Rf2+ 43. Kb1 Rg2 44. Rxg2 Bxg2 45. Nf5 Kh7 46. Kc1
Rd5 47. Ne3 Rc5+ 48. Kd2 Bc6 49. Rd4 a5 50. Rd8 a4 51. Ra8 h5 52. Kd3 h4 53.
Ng4 h3 54. Ra7 Kg7 55. Ra8 Rb5 56. Kc3 Rb3+ 57. Kd4 Rg3 58. Nf2 Rf3 59. Nxh3
Rxh3 60. f5 Kf6 61. Rf8 a3 62. Kc5 Rh4 63. Rd8 a2 64. Rd1 Ra4 65. Ra1 Be4 66.
Kb5 Ra6 67. Kb4 Bb1 68. Kc3 Ke5 69. Kb2 Kd4 70. Kb3 Rb6+ 71. Ka3 Kc3 72. Ka4
Kb2 0-1

[Event "XXI Corsicoscacchi Magistrale"]
[Site "Corsico ITA"]
[Date "2000.10.08"]
[Round "6"]
[White "Lapiccirella, Daniele"]
[Black "Pace, Pietro Dario"]
[Result "1/2-1/2"]
[WhiteElo "2084"]
[BlackElo "2114"]
[PlyCount "102"]
[EventDate "2000.09.30"]

1. d4 Nf6 2. c4 e6 3. Bg5 Be7 4. Nc3 d5 5. cxd5 exd5 6. e3 O-O 7. Bd3 c6 8. Qc2
h6 9. Bh4 Nh5 10. Bxe7 Qxe7 11. Nf3 Nd7 12. O-O Nhf6 13. Rab1 Re8 14. b4 a6 15.
a4 Ne4 16. b5 axb5 17. axb5 Ng5 18. Nxg5 Qxg5 19. bxc6 bxc6 20. Na4 Re6 21. Nb6
Nxb6 22. Rxb6 Qf6 23. Rc1 Bd7 24. Bf5 Rd6 25. Bxd7 Rxd7 26. Qxc6 Qd8 27. g3 g6
28. h4 h5 29. Rb7 Rd6 30. Qc7 Qf6 31. Rb8+ Rxb8 32. Qxb8+ Rd8 33. Rc8 Rxc8 34.
Qxc8+ Kh7 35. Kg2 Qe7 36. Qc2 Qe6 37. Qd3 Qe7 38. f3 Qe6 39. e4 dxe4 40. fxe4
Qa2+ 41. Kf3 Qa1 42. Qc4 Qd1+ 43. Kg2 Qd2+ 44. Kh3 Qf2 45. Qd3 Kg7 46. d5 Qg1
47. Qf3 Qd4 48. g4 hxg4+ 49. Qxg4 Qe3+ 50. Kg2 Qd2+ 51. Kf1 Qc1+ 1/2-1/2

[Event "XXI Corsicoscacchi Magistrale"]
[Site "Corsico ITA"]
[Date "2000.10.08"]
[Round "6"]
[White "Lapiccirella, Mattia"]
[Black "Astengo, Corrado"]
[Result "1-0"]
[WhiteElo "2144"]
[BlackElo "2150"]
[PlyCount "53"]
[EventDate "2000.09.30"]

1. d4 d5 2. c4 c6 3. Nf3 Nf6 4. e3 Bf5 5. Nc3 e6 6. Bd3 Bxd3 7. Qxd3 Nbd7 8.
O-O Bd6 9. e4 dxe4 10. Nxe4 Nxe4 11. Qxe4 Nf6 12. Qe2 h6 13. b3 O-O 14. Bb2 Re8
15. Ne5 Qe7 16. Rad1 Rad8 17. Rd3 Nd7 18. Nf3 e5 19. dxe5 Nxe5 20. Nxe5 Bxe5
21. Re3 Bxh2+ 22. Kxh2 Qh4+ 23. Kg1 Rxe3 24. Qxe3 Rd6 25. Qe8+ Kh7 26. Qxf7 Rg6
27. Qf5 1-0

[Event "XXI Corsicoscacchi Magistrale"]
[Site "Corsico ITA"]
[Date "2000.10.08"]
[Round "6"]
[White "Ubezio, Marco"]
[Black "Barlocco, Carlo"]
[Result "1-0"]
[WhiteElo "2209"]
[BlackElo "2179"]
[PlyCount "35"]
[EventDate "2000.09.30"]

1. d4 d5 2. Bg5 h6 3. Bh4 c6 4. Nf3 Qb6 5. b3 Bg4 6. Ne5 Bf5 7. e3 c5 8. Qf3 e6
9. g4 f6 10. gxf5 fxe5 11. fxe6 Qxe6 12. Bh3 Qd6 13. Nc3 cxd4 14. Nb5 Qc6 15.
Qh5+ g6 16. Qxe5+ Kf7 17. Nxd4 Nf6 18. Be6+ 1-0